I want to know about the Bible / (Record no. 3707)
[ view plain ]
| 000 -LEADER | |
|---|---|
| fixed length control field | 01833cam a22003977a 4500 |
| 001 - CONTROL NUMBER | |
| control field | 3707 |
| 003 - CONTROL NUMBER IDENTIFIER | |
| control field | FISKH |
| 005 - DATE AND TIME OF LATEST TRANSACTION | |
| control field | 20240611154055.0 |
| 008 - FIXED-LENGTH DATA ELEMENTS--GENERAL INFORMATION | |
| fixed length control field | 120514s2009 enkab j 001 0 eng |
| 010 ## - LIBRARY OF CONGRESS CONTROL NUMBER | |
| LC control number | 2011288390 |
| 015 ## - NATIONAL BIBLIOGRAPHY NUMBER | |
| National bibliography number | GBB043957 |
| Source | bnb |
| 016 7# - NATIONAL BIBLIOGRAPHIC AGENCY CONTROL NUMBER | |
| Record control number | 015517149 |
| Source | Uk |
| 020 ## - INTERNATIONAL STANDARD BOOK NUMBER | |
| International Standard Book Number | 9780745960562 (UK hardback) |
| 020 ## - INTERNATIONAL STANDARD BOOK NUMBER | |
| International Standard Book Number | 9780825478963 (US hardback) |
| 020 ## - INTERNATIONAL STANDARD BOOK NUMBER | |
| International Standard Book Number | 9780745962177 (pbk.) |
| 020 ## - INTERNATIONAL STANDARD BOOK NUMBER | |
| International Standard Book Number | 0745962173 (pbk.) |
| 035 ## - SYSTEM CONTROL NUMBER | |
| System control number | (OCoLC)ocn573415358 |
| 040 ## - CATALOGING SOURCE | |
| Original cataloging agency | UKM |
| Transcribing agency | UKM |
| Modifying agency | BTCTA |
| -- | YDXCP |
| -- | BDX |
| -- | DLC |
| Language of cataloging | eng |
| 042 ## - AUTHENTICATION CODE | |
| Authentication code | lccopycat |
| 050 00 - LIBRARY OF CONGRESS CALL NUMBER | |
| Classification number | BS551.3 |
| Item number | .G655 2009 |
| 082 00 - DEWEY DECIMAL CLASSIFICATION NUMBER | |
| Classification number | 220.9/505 |
| 100 1# - MAIN ENTRY--PERSONAL NAME | |
| Personal name | Goodings, Christina. |
| 245 10 - TITLE STATEMENT | |
| Title | I want to know about the Bible / |
| Statement of responsibility, etc. | Christina Goodings ; illustrated by Jan Lewis. |
| 260 ## - PUBLICATION, DISTRIBUTION, ETC. | |
| Place of publication, distribution, etc. | Oxford : |
| Name of publisher, distributor, etc. | Lion Children's, |
| Date of publication, distribution, etc. | 2009. |
| 300 ## - PHYSICAL DESCRIPTION | |
| Extent | 46 unnumbered pages : |
| Other physical details | color illustrations ; map ; |
| Dimensions | 27 cm |
| 500 ## - GENERAL NOTE | |
| General note | Includes index. |
| 505 ## - FORMATTED CONTENTS NOTE | |
| Formatted contents note | H |
| 520 ## - SUMMARY, ETC. | |
| Summary, etc. | Providing an accessible introduction to the Bible with a series of information pages, feature boxes and illustrations, this paperback presents key episodes from the unfolding story of the Bible to help young readers understand what's in the Bible, how it came to be put together and why people still read it today. Topics covered include storytelling, Bible languages, types of writing, the prophets, the Gospels, the early Christians, gathering the books, and how to read the Bible. Together they offer a concise, comprehensive yet accessible introduction to the book of the Christian faith. Also available: I Want to Know About Jesus |
| 521 8# - TARGET AUDIENCE NOTE | |
| Target audience note | 410 <br/> |
| Source | Lexile estimate |
| 521 8# - TARGET AUDIENCE NOTE | |
| Target audience note | H <br/> |
| Source | Raz-Plus estimate |
| 650 #0 - SUBJECT ADDED ENTRY--TOPICAL TERM | |
| Topical term or geographic name entry element | Bible stories, English. |
| 700 1# - ADDED ENTRY--PERSONAL NAME | |
| Personal name | Lewis, Jan, |
| Dates associated with a name | 1956- |
| Relator term | illustrator |
| 906 ## - LOCAL DATA ELEMENT F, LDF (RLIN) | |
| a | 7 |
| b | cbc |
| c | copycat |
| d | 2 |
| e | ncip |
| f | 20 |
| g | y-gencatlg |
| 942 ## - ADDED ENTRY ELEMENTS (KOHA) | |
| Source of classification or shelving scheme | Dewey Decimal Classification |
| Koha item type | Books |
| Suppress in OPAC | No |
| Withdrawn status | Lost status | Source of classification or shelving scheme | Damaged status | Not for loan | Collection | Home library | Current library | Shelving location | Date acquired | Total Checkouts | Full call number | Barcode | Date last seen | Copy number | Price effective from | Koha item type |
|---|---|---|---|---|---|---|---|---|---|---|---|---|---|---|---|---|
| Dewey Decimal Classification | Reference | Footprints International School Library Network Toul Kork Campus | Footprints International School Library Network Toul Kork Campus | 04/23/2024 | GOO 220.61 BS551.3 | 2024-0496 | 04/23/2024 | 1 | 04/23/2024 | Books | ||||||
| Dewey Decimal Classification | Reference | Footprints International School Library Network Toul Kork Campus | Footprints International School Library Network Toul Kork Campus | 04/23/2024 | GOO 220.61 BS551.3 | 2024-0766 | 05/31/2024 | 3 | 04/23/2024 | Books | ||||||
| Dewey Decimal Classification | Reference | Footprints International School Library Network Toul Kork Campus | Footprints International School Library Network Toul Kork Campus | 04/23/2024 | GOO 220.61 BS551.3 | 2024-0767 | 05/31/2024 | 4 | 04/23/2024 | Books | ||||||
| Dewey Decimal Classification | Reference | Footprints International School Library Network Toul Tom Poung Campus | Footprints International School Library Network Toul Tom Poung Campus | TTP Secondary Fiction Bookshelves | 04/23/2024 | GOO 220.61 BS551.3 | 2024-0553 | 05/02/2024 | 2 | 04/23/2024 | Books |
